Dattaka mimamsa edited and compiled by Manjari Shankar Marookar (Record no. 422163)

MARC details
000 -LEADER
fixed length control field 00748nam a2200265Ia 4500
003 - CONTROL NUMBER IDENTIFIER
control field OSt
005 - DATE AND TIME OF LATEST TRANSACTION
control field 20220924125227.0
008 - FIXED-LENGTH DATA ELEMENTS--GENERAL INFORMATION
fixed length control field 220923b |||||||| |||| 00| 0 san d
037 ## - SOURCE OF ACQUISITION
Terms of availability Textual
040 ## - CATALOGING SOURCE
Original cataloging agency ARTS
Transcribing agency ARTS
Language of cataloging san
041 ## - LANGUAGE CODE
Source of code san
Language code of text/sound track or separate title san
100 ## - MAIN ENTRY--PERSONAL NAME
Personal name Nanda Pandit
9 (RLIN) 197840
245 #0 - TITLE STATEMENT
Title Dattaka mimamsa edited and compiled by Manjari Shankar Marookar
250 ## - EDITION STATEMENT
Edition statement 2nd
260 ## - PUBLICATION, DISTRIBUTION, ETC.
Place of publication, distribution, etc. Puna
Name of publisher, distributor, etc. Anad Ashram
Date of publication, distribution, etc. 1954
300 ## - PHYSICAL DESCRIPTION
Extent 275p.
Dimensions cm.
490 ## - SERIES STATEMENT
Series statement Anandashram Sanskrit Granthavali; 11
650 ## - SUBJECT ADDED ENTRY--TOPICAL TERM
Topical term or geographic name entry element LAW
9 (RLIN) 7240
942 ## - ADDED ENTRY ELEMENTS (KOHA)
Classification part ZQ2,1235-21, 15J4;M0
Koha item type Textual
Source of classification or shelving scheme Colon Classification (CC)
Holdings
Withdrawn status Lost status Damaged status Not for loan Home library Current library Date acquired Total Checkouts Full call number Barcode Date last seen Price effective from Koha item type
        Arts Library Arts Library 2022-09-24   ZQ2,1235-21 15J4;M0 AL0349716 2022-09-24 2022-09-24 Textual
Copyright @ Delhi University Library System